| 000 | 00401nam a22001217a 4500 | ||
|---|---|---|---|
| 082 | _a200 THE | ||
| 100 |
_aSana Saleem _970435 |
||
| 245 | _aTH-SOF-1473-Optimal Slot Assignment Protocol for MAC Layer for NarrowBand Tactical SDR Waveform | ||
| 260 |
_aIslamabad _bNUST College of EME _c2017 |
||
| 650 | _aMS-COMPUTER ENGINEERING-81 MSTHESIS | ||
| 700 | _aSupervisor Dr. Shoab Ahmed Khan | ||
| 942 | _cCF | ||
| 999 |
_c577415 _d577415 |
||